|
|
|
|
| LEADER |
00000nam0a2200000 4500 |
| 001 |
83341 |
| 005 |
20231031100144.0 |
| 010 |
|
|
|a 5752512905
|
| 035 |
|
|
|a (RuTPU)RU\TPU\book\89577
|
| 090 |
|
|
|a 83341
|
| 100 |
|
|
|a 20051014d2004 m y0rusy50 ca
|
| 101 |
0 |
|
|a rus
|
| 102 |
|
|
|a RU
|
| 105 |
|
|
|a a j 001zy
|
| 200 |
1 |
|
|a Радиоактивность и радиационная безопасность
|e общедоступные лекции для студентов, журналистов, чиновников и избранников народа всех уровней
|f В. М. Жуковский
|g Уральский государственный университет
|
| 210 |
|
|
|a Екатеринбург
|c Изд-во Уральского ун-та
|d 2004
|
| 215 |
|
|
|a 293 с.
|c ил.
|
| 320 |
|
|
|a Библиогр.: с. 285-288
|
| 320 |
|
|
|a Указатель персоналий: с.289-291
|
| 610 |
1 |
|
|a радиоактивность
|
| 610 |
1 |
|
|a радиационная безопасность
|
| 610 |
1 |
|
|a открытие
|
| 610 |
1 |
|
|a естественная радиоактивность
|
| 610 |
1 |
|
|a искусственная радиоактивность
|
| 610 |
1 |
|
|a США
|
| 610 |
1 |
|
|a ядерная программа
|
| 610 |
1 |
|
|a СССР
|
| 610 |
1 |
|
|a атомные программы
|
| 610 |
1 |
|
|a ионизирующее излучение
|
| 610 |
1 |
|
|a облучение
|
| 610 |
1 |
|
|a дозы
|
| 610 |
1 |
|
|a естественный радиационный фон
|
| 610 |
1 |
|
|a искусственные источники
|
| 610 |
1 |
|
|a биологическое действие
|
| 610 |
1 |
|
|a Урал
|
| 610 |
1 |
|
|a радиационная обстановка
|
| 610 |
1 |
|
|a Чернобыльская авария
|
| 610 |
1 |
|
|a обнаружение
|
| 610 |
1 |
|
|a измерение
|
| 610 |
1 |
|
|a учебные пособия
|
| 675 |
|
|
|a 539.16(075.8)
|v 3
|
| 675 |
|
|
|a 621.039.58(075.8)
|v 3
|
| 700 |
|
1 |
|a Жуковский
|b В. М.
|g Владимир Михайлович
|
| 712 |
0 |
2 |
|a Уральский государственный университет
|2 stltpush
|3 (RuTPU)RU\TPU\col\962
|
| 801 |
|
1 |
|a RU
|b 63413507
|c 20051014
|g PSBO
|
| 801 |
|
2 |
|a RU
|b 63413507
|c 20121004
|g PSBO
|
| 942 |
|
|
|c BK
|